000
00427nam a2200169Ia 4500
008
100917s9999 xx 000 0 und d
082
_b
3381
100
_a
निरंतर ग. भा.
245
_a
जीवन नृत्य
260
_b
---
365
_b
1.5
520
_a
कथा
630
_a
जीवन नृत्य
650
_a
कथा
730
_a
जीवन नृत्य
942
_c
BOOK
999
_c
608775
_d
608772